| 000 | 00690nam a2200181Ia 4500 | ||
|---|---|---|---|
| 008 | 090630s9999 xx 000 0 und d | ||
| 082 | _b12795 | ||
| 100 | _aरघुविर जादुगार. | ||
| 245 |
_aमी पाहिलेला रशिया. _cरघुविर जादुगार. |
||
| 260 |
_bसौ. भोपळे शकुंतला. _c1974 |
||
| 300 | _a194 | ||
| 600 | _aरघुविर जादुगार. | ||
| 630 | _aमी पाहिलेला रशिया. | ||
| 655 | _aप्रवास. | ||
| 700 | _aरघुविर जादुगार. | ||
| 730 | _aमी पाहिलेला रशिया. | ||
| 942 | _cBOOK | ||
| 999 |
_c264651 _d264651 |
||